00321nam a2200121Ia 4500008004100000041000800041082001400049100001500063245004500078260003600123300003300159365000700192240624s9999 xx 000 0 und d aeng a658.5 SHA aSHARMA S K aCOURSE IN INDUSTRIAL ENGINEERING AND OPE c2006aDelhibS K Kataria & Sons axxvii, : 857 : p. : cm. ; 24 cRS